000 00945nam a2200217Ia 4500
003 Ost
005 20260507075040.0
008 260507s9999||||xx |||||||||||||| ||und||
040 _cfsecg
041 _aara
082 _a330
100 _aكراجة، عبد الحليم محمود
_eمؤلف
245 0 _aمحاسبة التكاليف /
_c عبد الحليم محمود كراجة
260 _aأربد:
_bدار الأمل,
_c2001
300 _a218 صفحة؛
_bإيضاحات ؛
_c24 سم
490 _aسلسلة كتب المحاسبة
_v-6
520 _aمقدمة في محاسبة التكاليف،التكاليف،أنواع التكاليف،عناصر التكاليف،قوائم الأعمال،نظام تكاليف أوامر التشغيل،نظام تكاليف مراحل التشغيل،نظريات التكاليف
653 _aالمحاسبة
653 _aمحاسبة التكاليف
942 _cكتاب
999 _c42500
_d42500